000 01428cam a2200337 a 4500
001 EDZ0000082886
003 StDuBDS
005 20161031105152.0
006 m||||||||d||||||||
007 cr |||||||||||
008 120427s2010 caua fo| 001|0|eng d
020 _a9781452204000 (ebook) :
_cNo price
040 _aStDuBDS
_beng
_cStDuBDS
_epn
049 _aAlfaisal Main Library
050 0 _aHQ755.8
_b.H625 2010
082 0 4 _a306.874
_223
100 1 _aHolden, George W.
245 1 0 _aParenting
_h[electronic resource] :
_ba dynamic perspective /
_cGeorge W. Holden.
260 _aLos Angeles, [Calif.] ;
_aLondon :
_bSAGE,
_cc2010.
300 _a1 online resource (xv, 427 p.) :
_bill.
504 _aIncludes bibliographical references and indexes.
520 8 _aIn contrast to the traditional and unidirectional views of parenting, this text conveys a dynamic view of parenting whereby children affect parents just as much as parents affect children. At the same time, the book is parent-centered, with an emphasis on such questions as why parents behave the way they do.
521 _aSpecialized.
588 _aDescription based on print version record.
650 0 _aParenting.
655 7 _aElectronic books.
_2local
710 2 _aSage eBooks
776 0 8 _iPrint version :
_z9781412951425
856 4 0 _uhttp://ezproxy.alfaisal.edu/login?url=http://sk.sagepub.com/books/parenting
942 _2lcc
_cEBOOKS
999 _c480834
_d480834